LEADER 02145nam0 2200433 i 450 001 VAN0103243 005 20220215014725.878 017 70$2N$a978-3-319-02475-2 100 $a20151029d2014 |0itac50 ba 101 $aeng 102 $aCH 105 $a|||| ||||| 200 1 $aComputational diffusion MRI and brain connectivity$eMICCAI workshops, Nagoya, Japan, September 22., 2013$fThomas Schultz ... [et al.] editors 210 $aCham$cSpringer ; MICCAI$d2014 215 $aXIV, 255 p.$cill.$d24 cm 410 1$1001VAN0068552$12001 $aMathematics and visualization$1210 $aBerlin [etc.]$cSpringer$d2001- 500 1$3VAN0240519$aComputational diffusion MRI and brain connectivity$91410197 606 $a68U10$xComputing methodologies for image processing [MSC 2020]$3VANC019978$2MF 606 $a68T10$xPattern recognition, speech recognition [MSC 2020]$3VANC020788$2MF 606 $a42B35$xFunction spaces arising in harmonic analysis [MSC 2020]$3VANC023518$2MF 606 $a42B10$xFourier and Fourier-Stieltjes transforms and other transforms of Fourier type [MSC 2020]$3VANC030738$2MF 610 $aConnectomics$9KW:K 610 $aDiffusion Magnetic Resonance Imaging$9KW:K 610 $aFiber tractography$9KW:K 610 $aMedical image analysis$9KW:K 610 $aNeuroimaging$9KW:K 620 $aCH$dCham$3VANL001889 702 1$aSchultz$bThomas$3VANV038867 712 12$aMICCAI workshop$f2013$eNagoya, Japan$3VANV080567 712 $aMedical Image Computing and Computer Assisted Intervention society$3VANV114331$4650 712 $aSpringer $3VANV108073$4650 801 $aIT$bSOL$c20240614$gRICA 856 4 $uhttp://dx.doi.org/10.1007/978-3-319-02475-2$zE-book ? Accesso al full-text attraverso riconoscimento IP di Ateneo, proxy e/o Shibboleth 899 $aBIBLIOTECA CENTRO DI SERVIZIO SBA$2VAN15 912 $fN 912 $aVAN0103243 950 $aBIBLIOTECA CENTRO DI SERVIZIO SBA$d15CONS SBA EBOOK 4652 $e15EB 4652 20191106 996 $aComputational diffusion MRI and brain connectivity$91410197 997 $aUNICAMPANIA LEADER 02271nam0 22004573i 450 001 VAN0234358 005 20230801024433.964 017 70$2N$a9783030657994 100 $a20211112d2021 |0itac50 ba 101 $aeng 102 $aCH 105 $a|||| ||||| 200 1 $aGeometric Measure Theory and Free Boundary Problems$eCetraro, Italy 2019$fGuido De Philippis, Xavier Ros-Oton, Georg S. Weiss$gMatteo Focardi, Emanuele Spadaro editors 210 $aCham$cSpringer$d2021 215 $av, 138 p.$cill.$d24 cm 461 1$1001VAN0102250$12001 $aLecture notes in mathematics$1210 $aBerlin [etc.]$cSpringer$v2284 500 1$3VAN0234359$aGeometric Measure Theory and Free Boundary Problems : Cetraro, Italy 2019$91907592 606 $a35R35$xFree boundary problems for PDEs [MSC 2020]$3VANC020050$2MF 606 $a49Q20$xVariational problems in a geometric measure-theoretic setting [MSC 2020]$3VANC020795$2MF 610 $aFree Boundary Problems$9KW:K 610 $aGeometric measure theory$9KW:K 610 $aManifolds and Measure-geometric Topics$9KW:K 610 $aMinimal Hypersurfaces$9KW:K 610 $aPDEs of Infinite Order$9KW:K 610 $aPartial differential equations$9KW:K 610 $aWater waves$9KW:K 620 $aCH$dCham$3VANL001889 700 1$aDe_Philippis$bGuido$3VANV194076$0854265 701 1$aRos-Oton$bXavier$3VANV194077$0854266 701 1$aWeiss$bGeorg S.$3VANV194078$0854267 702 1$aFocardi$bMatteo$3VANV194079$4340 702 1$aSpadaro$bEmanuele$3VANV194080$4340 712 $aSpringer $3VANV108073$4650 801 $aIT$bSOL$c20240614$gRICA 856 4 $uhttp://doi.org/10.1007/978-3-030-65799-4$zE-book ? Accesso al full-text attraverso riconoscimento IP di Ateneo, proxy e/o Shibboleth 912 $fN 912 $aVAN0234358 950 $aBIBLIOTECA DEL DIPARTIMENTO DI MATEMATICA E FISICA$d08CONS e-book $e08LNM2284 20211112 950 $aBIBLIOTECA DEL DIPARTIMENTO DI MATEMATICA E FISICA$d08CONS e-book 8246 $e08eMF8246 20240430 996 $aGeometric Measure Theory and Free Boundary Problems : Cetraro, Italy 2019$91907592 997 $aUNICAMPANIA